书目信息 |
| 题名: |
道家逸品
|
|
| 作者: | 刘韶军 , 陈业新 著 | |
| 分册: | ||
| 出版信息: | 武汉 长江文艺出版社 1997.10 |
|
| 页数: | 402页 | |
| 开本: | 32开 | |
| 丛书名: | ||
| 单 册: | ||
| 中图分类: | B223-49 | |
| 科图分类: | ||
| 主题词: | 先秦哲学 | |
| 电子资源: | ||
| ISBN: | 7-5354-1447-8 | |
| 000 | 00571nam0 2200205 45 | |
| 001 | 1009050059 | |
| 005 | 20100905000421.5 | |
| 010 | @a7-5354-1447-8@d16.00元 | |
| 100 | @a20100905d1997 km y0chiy0120 ea | |
| 101 | 0 | @achi |
| 105 | @a z 000yy | |
| 200 | 1 | @a道家逸品@ADao Jia Yi Pin@f刘韶军,陈业新著@FLiu Shao Jun,Chen Ye Xin Zhu |
| 210 | @a武汉@c长江文艺出版社@d1997.10 | |
| 215 | @a402页@d32开 | |
| 606 | 0 | @a先秦哲学 |
| 690 | @aB223-49@v3 | |
| 701 | 0 | @a刘韶军@4著 |
| 701 | 0 | @a陈业新@4著 |
| 801 | @aCN@bPftUser@c20100905 | |
| 905 | @b120431-435@dB223-49@eL357@f5 | |
| 道家逸品/刘韶军,陈业新著.-武汉:长江文艺出版社,1997.10 |
| 402页;32开 |
| ISBN 7-5354-1447-8:16.00元 |
| ● |
| 相关链接 |
|
|
|
正题名:道家逸品
索取号:B223-49/L357
 
预约/预借
| 序号 | 登录号 | 条形码 | 馆藏地/架位号 | 状态 | 备注 |
| 1 | 120431 | 201204311 | 社科库509/509社科库 12排1列4层/ [索取号:B223-49/L357] | 在馆 | |
| 2 | 120432 | 201204320 | 社科库509/509社科库 12排1列4层/ [索取号:B223-49/L357] | 在馆 | |
| 3 | 120433 | 201204339 | 社科库509/509社科库 12排1列4层/ [索取号:B223-49/L357] | 在馆 | |
| 4 | 120434 | 201204348 | 社科库509/509社科库 12排1列4层/ [索取号:B223-49/L357] | 在馆 | |
| 5 | 120435 | 201204357 | 社科库509/509社科库 12排1列4层/ [索取号:B223-49/L357] | 在馆 |